Представление документа в формате MARC21

Поле Инд. ПП Название Значение
Тип записи a
Библиографический уровень m
001 Контрольный номер RU/IS/BASE/218550341
005 Дата корректировки 20240123162941.5
008 Кодируемые данные 20061204
041 a Код языка текста rus
084 a Индекс другой классификации/Индекс ББК 9
090 a Полочн. индекс 95.2
x Авторский знак G 37
245 a Заглавие GEOFocus
b Продолж. заглавия увлекательный мир: Земля
c Ответственность учредитель: Грунер+Яр; гл. ред. Н. Моисеева
n Номер части/ раздела №7-8/2006
260 a Место издания Москва
b Издательство Грунер+Яр
c Дата издания 2006
300 a Объем 82 с.
500 a Примечание Журнал
a Примечание Главная тема номера: Где мумия Хеопса?
a Примечание Подарочный экземпляр
600 a Персоналии Хеопс
650 a Основная рубрика универсальная тематика
653 a Ключевые слова вампиры
a Ключевые слова египетские пирамиды
a Ключевые слова космонавты
a Ключевые слова лесные ягоды
a Ключевые слова лечебные растения
a Ключевые слова напитки
a Ключевые слова пирамида Хеопса
a Ключевые слова реклама
773 w Контрольный № источника RU/IS/BASE/407523519
901 t Тип документа s